000 00472cam3a220018100 4500
001 tmp15935940
003 UPRA
005 20190822104457.0
008 951114s1959 mau eng u
035 _a(Sirsi) r50204
035 _a(UPRA)tmp15935940
040 _cUPRA
100 1 _aStaller, O.
_6A8222.1
245 1 0 _aModern Japanese prints.
260 _aRutland :
_bCharles E. Tuttle,
_c1959.
949 _aNF1310
_wlcc
_i-63154
_mMAIN
_tBOOK
_lON-SHELF
004 50204
999 _c130657
_d130657